Orar
Сохранить в:
| Главный автор: | |
|---|---|
| Другие авторы: | |
| Формат: | |
| Язык: | испанский |
| Опубликовано: |
Santiago
Planeta
2009
|
| Редактирование: | 1a. ed |
| Серии: | Planeta Testimonio
|
| Предметы: | |
| Метки: |
Добавить метку
Нет меток, Требуется 1-ая метка записи!
|
MARC
| LEADER | 00000nam a2200000 a 4500 | ||
|---|---|---|---|
| 001 | UCH3255 | ||
| 003 | CL-VaPUC | ||
| 005 | 20230818103303.0 | ||
| 008 | 090723e20090000CL |||||||||||||||||spa|d | ||
| 999 | |c 334872 |d 334870 | ||
| 020 | |a 978-84-08-07894-4 | ||
| 040 | |c Pontificia Universidad Católica de Valparaíso | ||
| 082 | 0 | 4 | |a 262.13 BEN 2009 |2 21 |
| 100 | 0 | |a Benedicto XVI |e author |9 494398 | |
| 245 | 1 | 0 | |a Orar |
| 250 | |a 1a. ed | ||
| 260 | |a Santiago |b Planeta |c 2009 | ||
| 300 | |a 318 p | ||
| 490 | 0 | |a Planeta Testimonio | |
| 583 | |a last modification |c 20090723 00:00:00 |k Rodrigo Vera | ||
| 650 | 0 | |a Documentos pontificios |9 255642 | |
| 650 | 0 | |a Encíclicas papales |9 314532 | |
| 700 | |a Ratzinger, Joseph, |c Papa |e autor |9 494399 | ||
| 942 | |c BK |2 ddc | ||
| 945 | |d 20090723 00:00:00 |a rbrito | ||
| 952 | |0 0 |1 2 |4 0 |6 262_130000000000000_BEN_2009 |7 0 |8 A |9 424131 |a BIBTEO |b BIBTEO |d 2019-11-22 |i 4574508 |o 262.13 BEN 2009 |p 4574508 |r 2019-11-22 |w 2019-11-22 |y BK |k ICR | ||